| 000 | 00558nam a2200193Ia 4500 | ||
|---|---|---|---|
| 003 | GCL | ||
| 008 | 140319s9999 xx 000 0 eng d | ||
| 040 |
_aGCL / _cGCL |
||
| 082 | 0 | 4 |
_a004 _bS L |
| 100 | 1 | _aSPERSCHNEIDER, V. | |
| 245 | 1 | 0 |
_aLOGIC A FOUNDATION FOR COMPUTER SCIENCE / _cSPERSCHNEIDER, V. |
| 700 | 1 | _aANLONIOU, G. | |
| 260 |
_a[S.N] : _bADDISON - WESLEY PUBLISHING COMPANY ، _c1991 |
||
| 300 | _a495 P | ||
| 650 | 0 | 4 | _aشعر الحرب |
| 650 | 0 | 4 | _aARTIFICIAL INTELLIGENCE |
| 650 | 0 | 4 | _aLOGIC SYMBOLIC AND MATHEMATICAL |
| 942 |
_2ddc _cBK |
||
| 999 |
_c24520 _d24520 |
||